| 000 | 00456nam a22001337a 4500 | ||
|---|---|---|---|
| 005 | 20241029153708.0 | ||
| 008 | 241029b |||||||| |||| 00| 0 eng d | ||
| 020 | _a9780409113723 | ||
| 100 |
_aAtupare, Atudiwe P. _d2013 |
||
| 245 |
_aConstitutional Justice in Africa _bAn Examination of Constitutional Positivism, Fundamental Law and Rights in Ghana and Nigeria |
||
| 300 |
_axix, 366 pages. _c24cm |
||
| 650 | _2Constitutional Justice Law | ||
| 942 |
_2lcc _cBK _n0 |
||
| 999 |
_c342 _d342 |
||